[Event "2.Open B Città di Padova Elo <1900"]
[Site "Padova Caffè Pedrocchi"]
[Date "1999.12.12"]
[Round "3.39"]
[White "Moschini, Costantino"]
[Black "Sedani, Elisa"]
[Result "0-1"]
[WhiteElo "1513"]
[BlackElo "1479"]
[Annotator "Gabriele Ballarin"]
[PlyCount "41"]
[EventDate "1999.12.11"]
[EventType "swiss"]
[EventRounds "6"]
[EventCountry "ITA"]
[SourceTitle "Ballarin Gabriele"]
[Source "Ballarin Gabrie"]
[SourceDate "2001.01.01"]
[SourceVersion "1"]
[SourceVersionDate "2001.01.01"]
[SourceQuality "1"]

1. d4 Nf6 2. Nf3 g6 3. Bg5 Bg7 4. e3 d6 5. Nbd2 O-O 6. Bd3 Nbd7 7. c3 Qe8 8. e4 e5 9. O-O Kh8 10. Re1 Ng8 11. dxe5 Nxe5 12. Nxe5 dxe5 13. h4 Nf6 14. Bxf6 Bxf6 15. h5 gxh5 16. Qxh5 Rg8 17. Bc4 Rg6 18. Nf3 Bg4 19. Qh2 Bxf3 20. g3 Bg5 21. Be2 0-1

[Event "2.Open B Città di Padova Elo <1900"]
[Site "Padova Caffè Pedrocchi"]
[Date "1999.12.12"]
[Round "3.40"]
[White "Ciech, Elio"]
[Black "Balestra, Stefano"]
[Result "1-0"]
[WhiteElo "1462"]
[BlackElo "1500"]
[Annotator "Gabriele Ballarin"]
[PlyCount "89"]
[EventDate "1999.12.11"]
[EventType "swiss"]
[EventRounds "6"]
[EventCountry "ITA"]
[SourceTitle "Ballarin Gabriele"]
[Source "Ballarin Gabrie"]
[SourceDate "2001.01.01"]
[SourceVersion "1"]
[SourceVersionDate "2001.01.01"]
[SourceQuality "1"]

{[%evp 0,71,18,8,49,16,51,39,40,-19,-7,-468,-468,-484,-503,-485,-456,-460,-431,-424,-451,-719,-769,-1152,-1110,-1248,-933,-1149,-1085,-1104,-1109,-1113,-1035,-1040,-1027,-1126,-1046,-1110,-1063,-1072,-1038,-1046,-991,-1037,-881,-946,-971,-969,-268,-944,-859,-876,162,136,105,105,29997,-403,323,393,393,174,29997,-1011,-605,-1086,-1086,-1086,-1103,-1166,-431,-458,-127,-148]} 1. e4 Nf6 2. Nc3 d5 3. exd5 Nxd5 4. Nxd5 Qxd5 5. b3 Qe5+ 6. Ne2 Qxa1 7. Nc3 g6 8. Bc4 Bg7 9. O-O Bxc3 10. Bxf7+ Kxf7 11. Qf3+ Bf6 12. g4 Qd4 13. h3 h6 14. c3 Qd6 15. d4 Kg7 16. Bf4 Qc6 17. Qe3 g5 18. Bg3 b6 19. c4 Bb7 20. d5 Qd7 21. f4 c6 22. fxg5 hxg5 23. Be5 Kh6 24. Rf5 Rg8 25. h4 Qd8 26. hxg5+ Kg6 27. gxf6 exf6 28. Rh5 Rh8 29. Qe4+ Kg7 30. Rg5+ Kf8 31. Qf5 Rh6 32. Bf4 Bc8 33. Bd6+ Kf7 34. Qf4 f5 35. Be5 Rf6 36. Qh2 cxd5 37. Qh7+ Ke6 38. Bxf6 Qxf6 39. gxf5+ Ke5 40. Qc7+ Ke4 41. Rg4+ Kd3 42. Qg3+ Kc2 43. Qf2+ Kc3 44. Qe1+ Kd3 45. Rg3+ 1-0

[Event "2.Open B Città di Padova Elo <1900"]
[Site "Padova Caffè Pedrocchi"]
[Date "1999.12.18"]
[Round "4.1"]
[White "Carini, Massimo"]
[Black "Boscolo, Fabio"]
[Result "1-0"]
[WhiteElo "1890"]
[BlackElo "1873"]
[Annotator "Gabriele Ballarin"]
[PlyCount "84"]
[EventDate "1999.12.11"]
[EventType "swiss"]
[EventRounds "6"]
[EventCountry "ITA"]
[SourceTitle "Ballarin Gabriele"]
[Source "Ballarin Gabrie"]
[SourceDate "2001.01.01"]
[SourceVersion "1"]
[SourceVersionDate "2001.01.01"]
[SourceQuality "1"]

1. e4 c6 2. d4 g6 3. Nc3 d5 4. f3 h5 5. exd5 cxd5 6. Bd3 Nh6 7. Bf4 Bg7 8. Nge2 Bf5 9. Bxh6 Bxh6 10. Bxf5 gxf5 11. Qd3 e6 12. f4 Nc6 13. O-O Bg7 14. Kh1 Qb6 15. Na4 Qb4 16. b3 b5 17. c3 Qa5 18. Nc5 b4 19. a3 bxc3 20. b4 Qb6 21. Na4 Qb7 22. Rac1 O-O 23. Rxc3 Rfc8 24. Nc5 Qe7 25. Rfc1 Nd8 26. Na6 Qd7 27. Rc7 Rxc7 28. Rxc7 Qd6 29. b5 Qb6 30. a4 Qa5 31. Nc3 Qb6 32. Ne2 Qa5 33. Qd1 h4 34. Ng1 Qb6 35. Nf3 Qd6 36. Qc1 Bh6 37. Ne5 f6 38. Rd7 Qb6 39. Nf3 Qa5 40. Qc5 Qxa4 41. Qe7 Qd1+ 42. Ng1 Qh5 1-0

[Event "2.Open B Città di Padova Elo <1900"]
[Site "Padova Caffè Pedrocchi"]
[Date "1999.12.18"]
[Round "4.2"]
[White "Avenali, Giuseppe"]
[Black "Maccapan, Fabio"]
[Result "1-0"]
[WhiteElo "1855"]
[BlackElo "1834"]
[Annotator "Gabriele Ballarin"]
[PlyCount "65"]
[EventDate "1999.12.11"]
[EventType "swiss"]
[EventRounds "6"]
[EventCountry "ITA"]
[SourceTitle "Ballarin Gabriele"]
[Source "Ballarin Gabrie"]
[SourceDate "2001.01.01"]
[SourceVersion "1"]
[SourceVersionDate "2001.01.01"]
[SourceQuality "1"]

1. e4 c5 2. Nc3 d6 3. g3 Nc6 4. Bg2 g6 5. Nge2 Bg7 6. d3 e6 7. O-O Nge7 8. f4 O-O 9. g4 f5 10. g5 Rb8 11. Ng3 Nd4 12. Nce2 e5 13. c3 Nxe2+ 14. Qxe2 b6 15. h4 Bb7 16. h5 Qc7 17. h6 Bh8 18. Bd2 Rbe8 19. Rae1 exf4 20. exf5 Bxg2 21. Qe6+ Rf7 22. fxg6 hxg6 23. Kxg2 Qc8 24. Rxf4 Qxe6 25. Rxe6 Be5 26. Re4 Ref8 27. Be3 Kh7 28. d4 cxd4 29. cxd4 Bxg3 30. Rxe7 Be1 31. d5 Bb4 32. Rxf7+ Rxf7 33. Rxb4 1-0

[Event "2.Open B Città di Padova Elo <1900"]
[Site "Padova Caffè Pedrocchi"]
[Date "1999.12.18"]
[Round "4.3"]
[White "Castellano, Alfonso"]
[Black "Radulescu, Gheorghe"]
[Result "1/2-1/2"]
[WhiteElo "1716"]
[BlackElo "1845"]
[Annotator "Gabriele Ballarin"]
[PlyCount "105"]
[EventDate "1999.12.11"]
[EventType "swiss"]
[EventRounds "6"]
[EventCountry "ITA"]
[SourceTitle "Ballarin Gabriele"]
[Source "Ballarin Gabrie"]
[SourceDate "2001.01.01"]
[SourceVersion "1"]
[SourceVersionDate "2001.01.01"]
[SourceQuality "1"]

{[%evp 0,102,18,-16,-16,-16,-18,-51,-47,-31,-29,-29,-30,-30,-14,-25,-13,-33,-29,-42,6,8,14,12,8,5,59,50,32,52,45,41,40,40,33,-22,-24,-36,-17,-26,7,-1,18,-5,0,0,-7,-7,-12,0,134,66,70,41,105,97,108,116,110,113,108,118,116,115,102,94,88,95,92,78,107,85,103,63,58,61,75,55,75,49,94,2,65,15,15,15,2,3,0,0,0,0,0,-32,-8,-51,-70,-71,-54,-73,-20,-2,0,-106,-106]} 1. c4 e5 2. Nc3 Nc6 3. g3 Nf6 4. Bg2 Bc5 5. d3 O-O 6. Nf3 d6 7. O-O h6 8. Ne1 Bg4 9. h3 Bh5 10. Nc2 Rb8 11. Rb1 a5 12. a3 Ne7 13. b4 axb4 14. axb4 Bb6 15. Be3 c6 16. Bxb6 Qxb6 17. Kh2 d5 18. c5 Qc7 19. Qd2 Nd7 20. f4 Rbd8 21. g4 exf4 22. Qxf4 Qxf4+ 23. Rxf4 Bg6 24. Nd4 b6 25. cxb6 Nxb6 26. b5 cxb5 27. Rxb5 Rd6 28. Rc5 Rc8 29. Rxc8+ Nbxc8 30. Ndb5 Rd7 31. Ra4 Kh7 32. Ra6 f6 33. Nd4 Bf7 34. Ncb5 h5 35. Bf3 h4 36. Nf5 Nxf5 37. gxf5 Ne7 38. Nd4 Kh6 39. Kg2 Kg5 40. Ne6+ Kh6 41. Bg4 Bxe6 42. fxe6 Rd8 43. Ra7 Re8 44. Rd7 f5 45. Bf3 Kg6 46. Rd6 Kf6 47. Ra6 g6 48. Kf2 Ke5 49. Ke3 f4+ 50. Kf2 Nf5 51. Bg2 Rxe6 52. Ra5 Ne3 53. Bf3 {Nur} 1/2-1/2

[Event "2.Open B Città di Padova Elo <1900"]
[Site "Padova Caffè Pedrocchi"]
[Date "1999.12.18"]
[Round "4.4"]
[White "Battagin, Mosè"]
[Black "Perryman, Marcus"]
[Result "1-0"]
[WhiteElo "1840"]
[BlackElo "1648"]
[Annotator "Gabriele Ballarin"]
[PlyCount "79"]
[EventDate "1999.12.11"]
[EventType "swiss"]
[EventRounds "6"]
[EventCountry "ITA"]
[SourceTitle "Ballarin Gabriele"]
[Source "Ballarin Gabrie"]
[SourceDate "2001.01.01"]
[SourceVersion "1"]
[SourceVersionDate "2001.01.01"]
[SourceQuality "1"]

{[%evp 0,71,18,16,45,51,52,37,38,31,63,69,58,71,59,14,4,13,21,8,18,6,9,-6,-1,4,41,39,67,67,64,60,66,74,115,81,146,113,143,141,126,116,116,127,106,98,135,137,121,146,242,137,126,53,55,11,7,0,62,7,279,283,279,55,296,291,29989,698,700,726,726,355,307,398]} 1. e4 Nf6 2. e5 Nd5 3. d4 d6 4. Nf3 dxe5 5. Nxe5 g6 6. Bc4 c6 7. Nd2 Bg7 8. Ndf3 O-O 9. c3 Nd7 10. Nd3 a5 11. a3 N7b6 12. Ba2 Bg4 13. O-O Kh8 14. Re1 Nd7 15. h3 Bxf3 16. Qxf3 N7f6 17. Bg5 Qc7 18. Re2 Rae8 19. Rae1 Qd8 20. g3 h6 21. Bd2 e6 22. Ne5 Kh7 23. g4 Ne7 24. h4 Kg8 25. Bxh6 Bxh6 26. g5 Nf5 27. gxh6 Nxh4 28. Qh3 Nh5 29. Re4 Qg5+ 30. Rg4 Qd2 31. Re3 Nf5 32. Qxh5 Nxe3 33. Rxg6+ Kh7 34. Rg7+ Kh8 35. fxe3 Qxe3+ 36. Kh2 Qf4+ 37. Kh3 Qf1+ 38. Kh2 Qf4+ 39. Kh1 Qe4+ 40. Rg2 1-0

[Event "2.Open B Città di Padova Elo <1900"]
[Site "Padova Caffè Pedrocchi"]
[Date "1999.12.18"]
[Round "4.5"]
[White "Capata, Ion"]
[Black "Di Cataldo, Cesare"]
[Result "1-0"]
[WhiteElo "1666"]
[BlackElo "1803"]
[Annotator "Gabriele Ballarin"]
[PlyCount "70"]
[EventDate "1999.12.11"]
[EventType "swiss"]
[EventRounds "6"]
[EventCountry "ITA"]
[SourceTitle "Ballarin Gabriele"]
[Source "Ballarin Gabrie"]
[SourceDate "2001.01.01"]
[SourceVersion "1"]
[SourceVersionDate "2001.01.01"]
[SourceQuality "1"]

{[%evp 0,70,19,27,27,-9,-12,-18,-29,-16,10,1,11,18,22,23,65,65,115,112,107,53,78,44,31,40,50,47,33,-33,0,-115,-131,-96,-72,-120,-107,-106,-139,-105,-97,-143,-116,-161,-144,-134,-142,-145,-157,-157,-169,-186,-141,-465,-502,-537,-307,-305,-309,-291,-324,-342,-331,-325,-332,-320,-331,-350,-298,-325,-242,-257,-254]} 1. e4 e5 2. f4 exf4 3. Nf3 d5 4. exd5 Nf6 5. Bb5+ c6 6. dxc6 bxc6 7. Be2 Bc5 8. d4 Bb6 9. Bxf4 O-O 10. O-O Re8 11. c3 c5 12. Bb5 cxd4 13. cxd4 Re4 14. Bxb8 Rxb8 15. Kh1 Bg4 16. Nc3 Rxd4 17. Qe1 Bxf3 18. Rxf3 Ba5 19. Qe2 Rd2 20. Qf1 Rxb2 21. a4 Qd4 22. Ne2 Qh4 23. Rh3 Qe4 24. Bd3 Qe5 25. Rc1 h6 26. Bb5 R8xb5 27. axb5 Qxe2 28. Qxe2 Rxe2 29. Rf3 Rb2 30. Rf5 Kh7 31. h3 Kg6 32. Re5 Bb6 33. Kh2 Nd7 34. Rc6+ f6 35. Re7 Nc5 {Nur} 1-0

[Event "2.Open B Città di Padova Elo <1900"]
[Site "Padova Caffè Pedrocchi"]
[Date "1999.12.18"]
[Round "4.6"]
[White "Gamberini, Davide"]
[Black "Rotoni, Matteo"]
[Result "1/2-1/2"]
[WhiteElo "1714"]
[BlackElo "1732"]
[Annotator "Gabriele Ballarin"]
[PlyCount "38"]
[EventDate "1999.12.11"]
[EventType "swiss"]
[EventRounds "6"]
[EventCountry "ITA"]
[SourceTitle "Ballarin Gabriele"]
[Source "Ballarin Gabrie"]
[SourceDate "2001.01.01"]
[SourceVersion "1"]
[SourceVersionDate "2001.01.01"]
[SourceQuality "1"]

1. e4 e6 2. d4 d5 3. Nc3 Bb4 4. e5 c5 5. Qg4 Ne7 6. dxc5 Bxc3+ 7. bxc3 Qc7 8. Nf3 O-O 9. Bd3 f5 10. exf6 Rxf6 11. Bg5 e5 12. Bxh7+ Kxh7 13. Qh5+ Kg8 14. Bxf6 gxf6 15. Qe8+ Kg7 16. h4 Qd7 17. Qh5 Qg4 18. Qe8 Qd7 19. Qh5 Qg4 1/2-1/2

[Event "2.Open B Città di Padova Elo <1900"]
[Site "Padova Caffè Pedrocchi"]
[Date "1999.12.18"]
[Round "4.7"]
[White "Consolo, Arturo"]
[Black "Viaggi, Stefano"]
[Result "0-1"]
[WhiteElo "1588"]
[BlackElo "1716"]
[Annotator "Gabriele Ballarin"]
[PlyCount "96"]
[EventDate "1999.12.11"]
[EventType "swiss"]
[EventRounds "6"]
[EventCountry "ITA"]
[SourceTitle "Ballarin Gabriele"]
[Source "Ballarin Gabrie"]
[SourceDate "2001.01.01"]
[SourceVersion "1"]
[SourceVersionDate "2001.01.01"]
[SourceQuality "1"]

1. e4 g6 2. d4 Bg7 3. Bc4 d6 4. c3 Nf6 5. Nd2 e5 6. Ngf3 Nbd7 7. Bxf7+ Kxf7 8. Ng5+ Ke7 9. Qb3 Qg8 10. Qa3 h6 11. dxe5 Nxe5 12. Ngf3 Nxf3+ 13. Nxf3 Qc4 14. e5 Ng4 15. exd6+ cxd6 16. Bd2 Bf5 17. O-O-O Kf7 18. Be3 Nxe3 19. fxe3 Rhd8 20. Rhf1 Kg8 21. Nd4 Bxd4 22. exd4 Be6 23. Kb1 a6 24. Rf6 Kg7 25. Rf2 Qd5 26. Re1 Rf8 27. Rfe2 Rae8 28. Ka1 Bf7 29. Qa4 Rxe2 30. Rxe2 Qc4 31. Qxc4 Bxc4 32. Re7+ Rf7 33. Rxf7+ Kxf7 34. Kb1 Bf1 35. g3 Kf6 36. Kc2 Kf5 37. Kd2 Kg4 38. Ke1 Bd3 39. Kf2 Kh3 40. Kg1 Bb1 41. a3 Ba2 42. Kf2 Kxh2 43. Kf3 Be6 44. a4 Kh3 45. b4 g5 46. b5 axb5 47. axb5 d5 48. Kf2 Kg4 0-1

[Event "2.Open B Città di Padova Elo <1900"]
[Site "Padova Caffè Pedrocchi"]
[Date "1999.12.18"]
[Round "4.8"]
[White "Popovic, Dragan"]
[Black "Negra, Massimiliano"]
[Result "1-0"]
[WhiteElo "1665"]
[BlackElo "1857"]
[Annotator "Gabriele Ballarin"]
[PlyCount "71"]
[EventDate "1999.12.11"]
[EventType "swiss"]
[EventRounds "6"]
[EventCountry "ITA"]
[SourceTitle "Ballarin Gabriele"]
[Source "Ballarin Gabrie"]
[SourceDate "2001.01.01"]
[SourceVersion "1"]
[SourceVersionDate "2001.01.01"]
[SourceQuality "1"]

1. e4 c5 2. Nf3 Nc6 3. c3 d6 4. Be2 Nf6 5. d3 a6 6. O-O g6 7. Nfd2 e5 8. f4 exf4 9. Rxf4 Bg7 10. Rf1 b5 11. Nf3 O-O 12. Bf4 Qc7 13. Nbd2 Bb7 14. Rc1 Rad8 15. h3 Nh5 16. Bh2 Bh6 17. Nh4 Ng7 18. Rc2 Ne6 19. g4 Qe7 20. Ng2 Ne5 21. Nf3 Nxf3+ 22. Bxf3 Ng5 23. Nf4 Nxf3+ 24. Qxf3 Bxf4 25. Bxf4 c4 26. Re2 cxd3 27. Qxd3 g5 28. Bg3 Qe6 29. Rf5 f6 30. Qd4 d5 31. e5 h6 32. h4 Rf7 33. hxg5 fxg5 34. Rxf7 Qxf7 35. e6 Qf3 36. Re3 1-0

[Event "2.Open B Città di Padova Elo <1900"]
[Site "Padova Caffè Pedrocchi"]
[Date "1999.12.18"]
[Round "4.9"]
[White "Gennari, Leone"]
[Black "Litrico, Paolo"]
[Result "1/2-1/2"]
[WhiteElo "1777"]
[BlackElo "1684"]
[Annotator "Gabriele Ballarin"]
[PlyCount "92"]
[EventDate "1999.12.11"]
[EventType "swiss"]
[EventRounds "6"]
[EventCountry "ITA"]
[SourceTitle "Ballarin Gabriele"]
[Source "Ballarin Gabrie"]
[SourceDate "2001.01.01"]
[SourceVersion "1"]
[SourceVersionDate "2001.01.01"]
[SourceQuality "1"]

1. d4 f5 2. c4 Nf6 3. Nc3 g6 4. Nf3 Bg7 5. Bf4 d6 6. h3 Nbd7 7. e3 c5 8. d5 h6 9. Be2 Ne4 10. Qc2 Nxc3 11. bxc3 Nf6 12. Nd2 O-O 13. O-O g5 14. Bh2 Qe8 15. Bd3 Qg6 16. Kh1 Ne8 17. g4 Qf6 18. gxf5 Bxf5 19. Bxf5 Qxf5 20. Qxf5 Rxf5 21. Rac1 Nc7 22. Ne4 Raf8 23. Kg2 b6 24. f4 a6 25. a4 b5 26. Nd2 gxf4 27. e4 R5f7 28. axb5 axb5 29. Rf3 Be5 30. Rb1 Rb8 31. Kf2 Kh7 32. Ke2 Rff8 33. Rbf1 bxc4 34. Bxf4 Bg7 35. Nxc4 Nb5 36. e5 Ra8 37. exd6 exd6 38. Bxd6 Nxc3+ 39. Kd3 Rxf3+ 40. Rxf3 Nxd5 41. Bxc5 Rb8 42. Nd2 Rd8 43. Kc4 Nb6+ 44. Bxb6 Rxd2 45. Rd3 Rxd3 46. Kxd3 Kg6 1/2-1/2

[Event "2.Open B Città di Padova Elo <1900"]
[Site "Padova Caffè Pedrocchi"]
[Date "1999.12.18"]
[Round "4.10"]
[White "Guclu, Yaman"]
[Black "Giancotti, Eraldo"]
[Result "1-0"]
[WhiteElo "1687"]
[BlackElo "1760"]
[Annotator "Gabriele Ballarin"]
[PlyCount "55"]
[EventDate "1999.12.11"]
[EventType "swiss"]
[EventRounds "6"]
[EventCountry "ITA"]
[SourceTitle "Ballarin Gabriele"]
[Source "Ballarin Gabrie"]
[SourceDate "2001.01.01"]
[SourceVersion "1"]
[SourceVersionDate "2001.01.01"]
[SourceQuality "1"]

1. e4 g6 2. d4 Bg7 3. Nf3 d6 4. Nc3 Nf6 5. Be2 O-O 6. Bg5 c6 7. a4 Bg4 8. Qd2 Nbd7 9. O-O e5 10. dxe5 dxe5 11. Rfd1 Qc7 12. h3 Bxf3 13. Bxf3 Nc5 14. Be3 Ne6 15. Ne2 Rfd8 16. Qc3 Rxd1+ 17. Rxd1 Bf8 18. Qc4 Rc8 19. Nc3 Qa5 20. Nd5 Ne8 21. Bg4 Nd6 22. Nf6+ Kg7 23. Rxd6 Bxd6 24. Bxe6 fxe6 25. Qxe6 Qd8 26. Bg5 Qf8 27. Nd7 Qf7 28. Bh6+ 1-0

[Event "2.Open B Città di Padova Elo <1900"]
[Site "Padova Caffè Pedrocchi"]
[Date "1999.12.18"]
[Round "4.11"]
[White "Morganti, Lionello"]
[Black "Marigo, Narciso"]
[Result "0-1"]
[WhiteElo "1624"]
[BlackElo "1735"]
[Annotator "Gabriele Ballarin"]
[PlyCount "78"]
[EventDate "1999.12.11"]
[EventType "swiss"]
[EventRounds "6"]
[EventCountry "ITA"]
[SourceTitle "Ballarin Gabriele"]
[Source "Ballarin Gabrie"]
[SourceDate "2001.01.01"]
[SourceVersion "1"]
[SourceVersionDate "2001.01.01"]
[SourceQuality "1"]

1. e4 d6 2. d4 Nc6 3. d5 Ne5 4. Nf3 Ng6 5. Bb5+ Bd7 6. Bxd7+ Qxd7 7. O-O e5 8. c4 Nf6 9. Nc3 Be7 10. h3 O-O 11. Be3 b6 12. b3 h6 13. Kh2 Nh7 14. Ne2 f5 15. exf5 Rxf5 16. Ng3 Rf7 17. Ne4 Nf4 18. Bxf4 Rxf4 19. Qe2 Raf8 20. Nfd2 Ng5 21. f3 Qf5 22. Nxg5 Bxg5 23. Ne4 Rh4 24. Nxg5 Qxg5 25. g4 h5 26. Qg2 hxg4 27. fxg4 Rf4 28. Rxf4 Qxf4+ 29. Kh1 Qe3 30. Kh2 Rh6 31. Rf1 Rf6 32. Rxf6 gxf6 33. Qf1 Qd2+ 34. Kg3 Qe3+ 35. Kh4 Qf4 36. Qd3 e4 37. Qe2 Kg7 38. a4 Kh6 39. Qe1 e3 0-1

[Event "2.Open B Città di Padova Elo <1900"]
[Site "Padova Caffè Pedrocchi"]
[Date "1999.12.18"]
[Round "4.12"]
[White "Pietrobon, Fabio"]
[Black "Guastadini, Paolo"]
[Result "0-1"]
[WhiteElo "1732"]
[BlackElo "1648"]
[Annotator "Gabriele Ballarin"]
[PlyCount "58"]
[EventDate "1999.12.11"]
[EventType "swiss"]
[EventRounds "6"]
[EventCountry "ITA"]
[SourceTitle "Ballarin Gabriele"]
[Source "Ballarin Gabrie"]
[SourceDate "2001.01.01"]
[SourceVersion "1"]
[SourceVersionDate "2001.01.01"]
[SourceQuality "1"]

1. c4 g6 2. g3 Bg7 3. Bg2 Nf6 4. Nc3 O-O 5. e4 d6 6. Nge2 c5 7. O-O Nc6 8. d3 a6 9. h3 Rb8 10. Be3 b5 11. Rb1 Nd7 12. Qd2 Nd4 13. Nd5 e6 14. Bxd4 cxd4 15. Nb4 Bb7 16. cxb5 axb5 17. Rfc1 Qb6 18. f4 Rfc8 19. g4 Rc5 20. Ng3 Rbc8 21. Rf1 Nb8 22. f5 Na6 23. fxe6 fxe6 24. Nxa6 Qxa6 25. a3 Qa4 26. Qf4 Rf8 27. Qxd6 Rc6 28. Rxf8+ Bxf8 29. Qd5 Bd6 0-1

[Event "2.Open B Città di Padova Elo <1900"]
[Site "Padova Caffè Pedrocchi"]
[Date "1999.12.18"]
[Round "4.13"]
[White "Zanirato, Stefano"]
[Black "Gubellini, Luciano"]
[Result "1-0"]
[WhiteElo "1722"]
[BlackElo "1600"]
[Annotator "Gabriele Ballarin"]
[PlyCount "77"]
[EventDate "1999.12.11"]
[EventType "swiss"]
[EventRounds "6"]
[EventCountry "ITA"]
[SourceTitle "Ballarin Gabriele"]
[Source "Ballarin Gabrie"]
[SourceDate "2001.01.01"]
[SourceVersion "1"]
[SourceVersionDate "2001.01.01"]
[SourceQuality "1"]

1. Nf3 e6 2. e4 d5 3. e5 c5 4. c3 Bd7 5. Be2 Nc6 6. O-O g5 7. d4 g4 8. Ne1 h5 9. g3 cxd4 10. cxd4 Qb6 11. Nc2 O-O-O 12. Nc3 Kb8 13. Na4 Qa5 14. b3 Nb4 15. Nxb4 Bxb4 16. a3 Bc3 17. Nxc3 Qxc3 18. Bg5 Rc8 19. Rc1 Qb2 20. Rxc8+ Bxc8 21. a4 Nh6 22. Qd2 Qxd2 23. Bxd2 Nf5 24. Be3 Bd7 25. Bd3 Rc8 26. Bxf5 exf5 27. Bf4 Be6 28. Rc1 a6 29. Kf1 Rxc1+ 30. Bxc1 Kc7 31. Ke2 b5 32. axb5 axb5 33. Ba3 Kd7 34. Ke3 Ke8 35. Kf4 f6 36. exf6 Kf7 37. Be7 Kg6 38. Ke5 Kf7 39. b4 1-0

[Event "2.Open B Città di Padova Elo <1900"]
[Site "Padova Caffè Pedrocchi"]
[Date "1999.12.18"]
[Round "4.14"]
[White "Logallo, Claudio"]
[Black "Lain, Luigi"]
[Result "0-1"]
[WhiteElo "1600"]
[BlackElo "1717"]
[Annotator "Gabriele Ballarin"]
[PlyCount "128"]
[EventDate "1999.12.11"]
[EventType "swiss"]
[EventRounds "6"]
[EventCountry "ITA"]
[SourceTitle "Ballarin Gabriele"]
[Source "Ballarin Gabrie"]
[SourceDate "2001.01.01"]
[SourceVersion "1"]
[SourceVersionDate "2001.01.01"]
[SourceQuality "1"]

1. e4 e5 2. Nf3 Nc6 3. d4 exd4 4. Bc4 Bb4+ 5. c3 dxc3 6. O-O d6 7. a3 Bc5 8. Nxc3 h6 9. Qb3 Qd7 10. Qc2 Nf6 11. b4 Bb6 12. Bb2 O-O 13. Nd5 Nxd5 14. exd5 Ne7 15. Qc3 f6 16. h3 Qe8 17. Rfe1 Qf7 18. Rad1 Bf5 19. Nh4 Bh7 20. a4 a5 21. b5 Ng6 22. Nf5 Ne5 23. Nd4 Bxd4 24. Rxd4 Rfe8 25. f4 Nd7 26. Ba3 Nb6 27. Bb3 Rxe1+ 28. Qxe1 Kf8 29. Rd1 Qe7 30. Qd2 Re8 31. Kf2 Nd7 32. Rc1 Nc5 33. Bxc5 dxc5 34. Rc3 b6 35. Re3 Qxe3+ 36. Qxe3 Rxe3 37. Kxe3 f5 38. g4 g6 39. g5 h5 40. Kd3 Ke7 41. Bd1 Kd6 42. Kc4 h4 43. Bf3 Bg8 44. Bg2 Bf7 45. Bf3 Be8 46. Bg2 Bd7 47. Bf3 Bc8 48. Bg2 Kd7 49. Bf3 Ke7 50. Bg2 Kd6 51. Bf3 c6 52. dxc6 Be6+ 53. Kc3 Ba2 54. Bd1 Bd5 55. Kd3 Bg2 56. Ke3 Bxh3 57. Kf2 c4 58. Bc2 Bg4 59. Kg2 Be2 60. Bxf5 gxf5 61. g6 c3 62. g7 Bc4 63. c7 Kxc7 64. g8=Q Bxg8 0-1

[Event "2.Open B Città di Padova Elo <1900"]
[Site "Padova Caffè Pedrocchi"]
[Date "1999.12.18"]
[Round "4.15"]
[White "Todic, Simo"]
[Black "Cecchetto, Vanni"]
[Result "0-1"]
[WhiteElo "1699"]
[BlackElo "1594"]
[Annotator "Gabriele Ballarin"]
[PlyCount "63"]
[EventDate "1999.12.11"]
[EventType "swiss"]
[EventRounds "6"]
[EventCountry "ITA"]
[SourceTitle "Ballarin Gabriele"]
[Source "Ballarin Gabrie"]
[SourceDate "2001.01.01"]
[SourceVersion "1"]
[SourceVersionDate "2001.01.01"]
[SourceQuality "1"]

1. e4 c5 2. Nf3 Nc6 3. d4 cxd4 4. Nxd4 Nf6 5. Nc3 e5 6. Ndb5 d6 7. Bg5 a6 8. Na3 b5 9. Nd5 Be7 10. Nxe7 Nxe7 11. Bd3 Qb6 12. h3 Be6 13. O-O Rc8 14. c3 d5 15. Bxf6 gxf6 16. Qf3 dxe4 17. Qxf6 Rg8 18. Bxe4 Rc6 19. Qh4 Nd5 20. Rad1 Rd6 21. c4 Nf4 22. Kh2 bxc4 23. g4 Nd3 24. Qxh7 Rg5 25. Qh8+ Kd7 26. Qf6 Rg6 27. Bxg6 fxg6 28. Qxg6 Qxb2 29. Rb1 Qxa3 30. Rb8 Kc6 31. Rfb1 Kd5 32. Qe4+ 0-1

[Event "2.Open B Città di Padova Elo <1900"]
[Site "Padova Caffè Pedrocchi"]
[Date "1999.12.18"]
[Round "4.16"]
[White "Ferrari, Mario"]
[Black "Aguggiaro, Renzo"]
[Result "1-0"]
[WhiteElo "1698"]
[BlackElo "1489"]
[Annotator "Gabriele Ballarin"]
[PlyCount "122"]
[EventDate "1999.12.11"]
[EventType "swiss"]
[EventRounds "6"]
[EventCountry "ITA"]
[SourceTitle "Ballarin Gabriele"]
[Source "Ballarin Gabrie"]
[SourceDate "2001.01.01"]
[SourceVersion "1"]
[SourceVersionDate "2001.01.01"]
[SourceQuality "1"]

{[%evp 0,122,18,27,44,7,38,31,78,67,81,87,138,59,77,61,57,38,38,32,44,33,44,39,45,25,26,32,43,46,46,38,37,27,25,18,53,53,44,57,57,58,77,61,87,57,45,66,89,68,43,63,230,216,246,261,252,227,1874,274,368,288,281,280,289,305,332,299,308,290,319,302,320,321,515,259,253,256,353,366,367,351,381,351,381,340,353,356,357,356,392,448,797,1051,1076,1051,1076,1106,1172,433,480,466,479,479,432,411,468,468,468,468,468,460,623,918,967,603,609,598,622,519,519,541,556,585,836]} 1. e4 c5 2. c3 d6 3. d4 cxd4 4. cxd4 Nc6 5. Nc3 g6 6. Bb5 Bd7 7. Nge2 Bg7 8. O-O Nf6 9. f3 O-O 10. Be3 a6 11. Bxc6 Bxc6 12. Qd2 b5 13. a3 Qd7 14. Bh6 Rfc8 15. Bxg7 Kxg7 16. Ng3 Qb7 17. Qg5 Bd7 18. e5 dxe5 19. dxe5 Ng8 20. Rad1 f6 21. Qf4 Rc4 22. Qd2 Be6 23. Rfe1 Bf7 24. Kh1 Rac8 25. exf6+ exf6 26. Nge4 Qc7 27. Nd6 Rxc3 28. Qxc3 Rf8 29. Qd4 Qa5 30. Qb4 Qc7 31. f4 Nh6 32. h3 Qc6 33. Qd4 Qc7 34. Re3 Ng8 35. f5 g5 36. h4 Bh5 37. Rde1 Rd8 38. Rd3 g4 39. Re6 h6 40. Qf4 Qb8 41. Qe4 Qc7 42. Qd4 Qb8 43. Qe4 Qc7 44. Qe2 Qb8 45. Re7+ Nxe7 46. Qxe7+ Kg8 47. Qe6+ Kg7 48. Qe7+ Kg8 49. Qxf6 Qc7 50. Qxh6 Qe7 51. Qxh5 Qe1+ 52. Kh2 Qe5+ 53. Rg3 Rxd6 54. Qxg4+ Kf7 55. Kh3 Ke8 56. Qg8+ Kd7 57. Rg7+ Kc6 58. Qc8+ Kd5 59. Qb7+ Kc4 60. Rg4+ Kb3 61. Qf3+ Kc2 {Nur} 1-0